[Event "Budapest FS09 Nadassy"]
[Site "Budapest"]
[Date "2019.09.11"]
[Round "5.2"]
[White "Mayer, Istvan"]
[Black "Montolio Benedicto, Cesar"]
[Result "1/2-1/2"]
[WhiteElo "1925"]
[BlackElo "1806"]
[PlyCount "132"]
[EventDate "2019.09.07"]
[EventType "team-schev"]
[EventRounds "10"]
[EventCountry "HUN"]
[SourceTitle "EXT 2020"]
[Source "ChessBase"]
[SourceDate "2019.10.17"]
[SourceVersion "1"]
[SourceVersionDate "2019.10.17"]
[SourceQuality "1"]
[WhiteTeam "A Team Higher Elo"]
[BlackTeam "B Team Lower Elo"]
[WhiteTeamCountry "HUN"]
[BlackTeamCountry "HUN"]

1. e4 e5 2. Nf3 Nc6 3. Bb5 Nf6 4. 0-0 Bc5 5. c3 0-0 6. d4 Bb6 7. a4 a6 8. Bd3 d6 9. h3 exd4 10. Bg5 h6 11. Bh4 g5 12. Bg3 dxc3 13. Nxc3 Nd4 14. e5 Nxf3+ 15. Qxf3 dxe5 16. Bxe5 Bd4 17. Bxd4 Qxd4 18. Rad1 Qf4 19. Qxf4 gxf4 20. Be2 Be6 21. Rd4 Rfd8 22. Rxf4 Nd5 23. Nxd5 Bxd5 24. Rc1 Bc6 25. Rc3 Rd6 26. Bc4 Rf8 27. Rg3+ Kh8 28. b3 Bd5 29. Rd3 c6 30. Bxd5 Rxd5 31. Rxd5 cxd5 32. Rf5 Rd8 33. Rxf7 d4 34. Kf1 b5 35. Rf6 bxa4 36. bxa4 Kg7 37. Rf4 d3 38. Ke1 Rb8 39. Rd4 Rb3 40. Rd6 Rb1+ 41. Kd2 Rb2+ 42. Ke3 Re2+ 43. Kf3 Ra2 44. Rxa6 d2 45. Rd6 Rxa4 46. Rxd2 Kg6 47. Rd7 Kg5 48. g4 Ra3+ 49. Kg2 Rb3 50. f3 Rb1 51. Rd5+ Kg6 52. h4 Ra1 53. Kg3 Rg1+ 54. Kf4 Ra1 55. h5+ Kg7 56. Rd7+ Kg8 57. Ke5 Ra5+ 58. Rd5 Ra1 59. f4 Kg7 60. Rd7+ Kg8 61. Rd6 Kg7 62. g5 hxg5 63. h6+ Kh7 64. fxg5 Re1+ 65. Kf6 Rf1+ 66. Ke7 Rf5 1/2-1/2

[Event "Chigorin Memorial 23rd"]
[Site "St Petersburg"]
[Date "2015.10.07"]
[Round "5"]
[White "Shugalei, Mikhail"]
[Black "Montolio Benedicto, Cesar"]
[Result "1/2-1/2"]
[WhiteElo "1663"]
[BlackElo "1816"]
[PlyCount "93"]
[EventDate "2015.10.03"]
[EventType "swiss"]
[EventRounds "9"]
[EventCountry "RUS"]
[SourceTitle "CBM 168 Extra"]
[Source "ChessBase"]
[SourceDate "2015.10.29"]
[SourceVersion "1"]
[SourceVersionDate "2015.10.29"]
[SourceQuality "1"]

1. Nf3 Nf6 2. c4 g6 3. e3 Bg7 4. Nc3 0-0 5. d4 d6 6. Be2 Nbd7 7. 0-0 e5 8. Qc2 Re8 9. Nd2 Nf8 10. d5 a5 11. a4 N8d7 12. e4 Nc5 13. Nb3 Nxb3 14. Qxb3 Nd7 15. Be3 b6 16. Qa3 Nc5 17. b4 axb4 18. Qxb4 f5 19. f3 Bd7 20. a5 bxa5 21. Rxa5 Rxa5 22. Qxa5 Nb3 23. Qb4 Nd4 24. Bd3 Qa8 25. Rb1 fxe4 26. Bxe4 Qa6 27. Nb5 Rb8 28. Qa3 Qxa3 29. Nxa3 Ra8 30. Nb5 Nxb5 31. cxb5 Rb8 32. b6 cxb6 33. Rxb6 Rxb6 34. Bxb6 Kf7 35. g4 Bh6 36. Kf2 Bb5 37. h4 Bd2 38. Be3 Bxe3+ 39. Kxe3 h6 40. Kd2 g5 41. h5 Ke7 42. Ke3 Bc4 43. Kd2 Kd8 44. Kc3 Be2 45. Kd2 Bc4 46. Kc3 Be2 47. Kd2 1/2-1/2

[Event "Chigorin Memorial 23rd"]
[Site "St Petersburg"]
[Date "2015.10.05"]
[Round "3"]
[White "Tebenkov, Vladislav"]
[Black "Montolio Benedicto, Cesar"]
[Result "1-0"]
[WhiteElo "2050"]
[BlackElo "1816"]
[PlyCount "53"]
[EventDate "2015.10.03"]
[EventType "swiss"]
[EventRounds "9"]
[EventCountry "RUS"]
[SourceTitle "CBM 168 Extra"]
[Source "ChessBase"]
[SourceDate "2015.10.29"]
[SourceVersion "1"]
[SourceVersionDate "2015.10.29"]
[SourceQuality "1"]

1. e4 e5 2. Nf3 Nc6 3. Bb5 a6 4. Ba4 Nf6 5. Bxc6 dxc6 6. d3 Qd6 7. Nbd2 Be6 8. b3 Nd7 9. Bb2 f6 10. 0-0 0-0-0 11. d4 exd4 12. Nxd4 Bf7 13. Qe2 Ne5 14. f4 Ng6 15. e5 fxe5 16. Ne4 Qd5 17. c4 Qa5 18. fxe5 Nxe5 19. Ng5 Bg8 20. Nde6 Bxe6 21. Nxe6 Bc5+ 22. Kh1 Nd3 23. Nxd8 Rxd8 24. Bxg7 Qb6 25. Bf6 Nf2+ 26. Rxf2 Bxf2 27. Qe6+ 1-0

[Event "Skopje Karposh op"]
[Site "Skopje"]
[Date "2014.04.02"]
[Round "6"]
[White "Montolio Benedicto, Cesar"]
[Black "Codenotti, Marco"]
[Result "0-1"]
[WhiteElo "1950"]
[BlackElo "2362"]
[PlyCount "124"]
[EventDate "2014.03.29"]
[EventType "swiss"]
[EventRounds "9"]
[EventCountry "MKD"]
[SourceTitle "CBM 159 Extra"]
[Source "ChessBase"]
[SourceDate "2014.04.24"]
[SourceVersion "1"]
[SourceVersionDate "2014.04.24"]
[SourceQuality "1"]

1. e4 c5 2. c3 b6 3. d4 Bb7 4. Bd3 Nf6 5. Nd2 e6 6. Ne2 Nc6 7. 0-0 Be7 8. Re1 0-0 9. f3 Rc8 10. Nf1 cxd4 11. cxd4 e5 12. d5 Bc5+ 13. Be3 Ne7 14. Bxc5 bxc5 15. Ne3 d6 16. Nc4 Ba6 17. Qa4 Bxc4 18. Bxc4 Qb6 19. b3 Nh5 20. Rf1 f5 21. Qb5 Qd8 22. Qa6 f4 23. Qa3 g5 24. Kf2 g4 25. Ke1 gxf3 26. gxf3 Ng6 27. Kd2 Rf7 28. Rg1 a5 29. Qb2 Kf8 30. a4 Nh4 31. Qc3 Nf6 32. Raf1 h6 33. Kc2 Nh7 34. Qe1 h5 35. Nc3 Rcc7 36. Nb5 Rcd7 37. Kb1 Rg7 38. Qf2 Ng6 39. Qe1 Ng5 40. Rg2 Nh3 41. Ka2 Nh4 42. Rxg7 Rxg7 43. Nxd6 Ng2 44. Qc3 Qxd6 45. Qxa5 Rb7 46. Qa8+ Rb8 47. Qc6 Qxc6 48. dxc6 Ne3 49. Be6 Nxf1 50. Bxh3 Nxh2 51. c7 Ra8 52. c8Q+ Rxc8 53. Bxc8 Ke7 54. Ba6 Nxf3 55. Be2 Nd4 56. Bxh5 f3 57. Bxf3 Nxf3 58. Kb2 Ng5 59. Kc3 Nxe4+ 60. Kc4 Kd6 61. a5 Kc6 62. a6 Nd6+ 0-1

[Event "Skopje Karposh op"]
[Site "Skopje"]
[Date "2014.04.01"]
[Round "5"]
[White "Nikolov, Kole"]
[Black "Montolio Benedicto, Cesar"]
[Result "0-1"]
[WhiteElo "1718"]
[BlackElo "1950"]
[PlyCount "62"]
[EventDate "2014.03.29"]
[EventType "swiss"]
[EventRounds "9"]
[EventCountry "MKD"]
[SourceTitle "CBM 159 Extra"]
[Source "ChessBase"]
[SourceDate "2014.04.24"]
[SourceVersion "1"]
[SourceVersionDate "2014.04.24"]
[SourceQuality "1"]

1. e4 e5 2. c3 Nf6 3. d4 exd4 4. e5 Ne4 5. cxd4 Bb4+ 6. Bd2 Nxd2 7. Nxd2 0-0 8. Bd3 Nc6 9. Ne2 d6 10. exd6 Qxd6 11. 0-0 Nxd4 12. Ne4 Nxe2+ 13. Qxe2 Qg6 14. Ng3 Qb6 15. Qh5 Qh6 16. Qxh6 gxh6 17. f4 Be6 18. f5 Bd5 19. f6 Be6 20. Kh1 Rad8 21. Rad1 Bg4 22. Be2 Bxe2 23. Nxe2 Rxd1 24. Rxd1 Re8 25. Ng3 Re1+ 26. Rxe1 Bxe1 27. Nf5 Bd2 28. g4 Bg5 29. h4 Bxf6 30. Nxh6+ Kf8 31. b3 Bxh4 0-1

[Event "Budapest FS12 FM-A"]
[Site "Budapest"]
[Date "2012.12.09"]
[Round "8"]
[White "Montolio Benedicto, Cesar"]
[Black "Bohus, Adam"]
[Result "1/2-1/2"]
[WhiteElo "1962"]
[BlackElo "1819"]
[PlyCount "57"]
[EventDate "2012.12.01"]
[EventType "tourn"]
[EventRounds "9"]
[EventCountry "HUN"]
[SourceTitle "EXT 2014"]
[Source "ChessBase"]
[SourceDate "2013.11.20"]
[SourceVersion "1"]
[SourceVersionDate "2013.11.20"]
[SourceQuality "1"]

1. e4 c5 2. c3 d5 3. exd5 Qxd5 4. d4 Nc6 5. Nf3 Bg4 6. Be2 cxd4 7. cxd4 e6 8. Nc3 Qa5 9. 0-0 Nf6 10. h3 Bh5 11. Be3 Bd6 12. Qb3 Qb4 13. Qxb4 Nxb4 14. Rac1 a6 15. a3 Nbd5 16. Nxd5 Nxd5 17. g4 Bg6 18. Bc4 Nb6 19. Bb3 h5 20. Bc2 hxg4 21. hxg4 Bxc2 22. Rxc2 Ke7 23. Kg2 Nd5 24. Rh1 Rxh1 25. Kxh1 f6 26. Kg2 Rh8 27. Kf1 Rh3 28. Ke2 Kd7 29. Rc1 1/2-1/2

[Event "Budapest FS12 FM-A"]
[Site "Budapest"]
[Date "2012.12.07"]
[Round "6"]
[White "Montolio Benedicto, Cesar"]
[Black "Grimm, Gyorgy"]
[Result "1/2-1/2"]
[WhiteElo "1962"]
[BlackElo "2043"]
[PlyCount "38"]
[EventDate "2012.12.01"]
[EventType "tourn"]
[EventRounds "9"]
[EventCountry "HUN"]
[SourceTitle "EXT 2014"]
[Source "ChessBase"]
[SourceDate "2013.11.20"]
[SourceVersion "1"]
[SourceVersionDate "2013.11.20"]
[SourceQuality "1"]

1. e4 c5 2. c3 d5 3. exd5 Qxd5 4. d4 Nc6 5. Nf3 Bg4 6. Be2 e6 7. Be3 cxd4 8. cxd4 Nf6 9. Nc3 Qd6 10. a3 Be7 11. 0-0 0-0 12. Qa4 Bh5 13. h3 a6 14. Rfd1 Rfd8 15. Rac1 Rac8 16. Qb3 Na5 17. Qa4 Nc6 18. Qb3 Na5 19. Qa4 Nc6 1/2-1/2

[Event "Budapest FS12 FM-A"]
[Site "Budapest"]
[Date "2012.12.06"]
[Round "5"]
[White "Farkas, Richard"]
[Black "Montolio Benedicto, Cesar"]
[Result "1-0"]
[WhiteElo "2115"]
[BlackElo "1962"]
[PlyCount "67"]
[EventDate "2012.12.01"]
[EventType "tourn"]
[EventRounds "9"]
[EventCountry "HUN"]
[SourceTitle "EXT 2014"]
[Source "ChessBase"]
[SourceDate "2013.11.20"]
[SourceVersion "1"]
[SourceVersionDate "2013.11.20"]
[SourceQuality "1"]

1. d4 Nf6 2. c4 g6 3. Nc3 Bg7 4. e4 d6 5. Nf3 0-0 6. h3 e5 7. d5 Na6 8. Bg5 Qe8 9. Bd3 Bd7 10. Qd2 Nc5 11. Bc2 a5 12. 0-0-0 Na4 13. Nxa4 Bxa4 14. g4 Bxc2 15. Qxc2 b5 16. c5 Nd7 17. Be3 Qe7 18. c6 Nf6 19. Kb1 Qe8 20. Rdg1 Qb8 21. Nd2 a4 22. h4 b4 23. Qd3 Ra5 24. h5 Qb5 25. Nc4 Rb8 26. f3 Raa8 27. Rc1 Qa6 28. Qd2 b3 29. a3 Qb5 30. Bh6 Bf8 31. Bxf8 Kxf8 32. Qg5 Ke7 33. Nxe5 dxe5 34. Qxe5+ 1-0

[Event "Budapest FS12 FM-A"]
[Site "Budapest"]
[Date "2012.12.05"]
[Round "4"]
[White "Montolio Benedicto, Cesar"]
[Black "Marcu, Simon"]
[Result "1-0"]
[WhiteElo "1962"]
[BlackElo "1909"]
[PlyCount "92"]
[EventDate "2012.12.01"]
[EventType "tourn"]
[EventRounds "9"]
[EventCountry "HUN"]
[SourceTitle "EXT 2014"]
[Source "ChessBase"]
[SourceDate "2013.11.20"]
[SourceVersion "1"]
[SourceVersionDate "2013.11.20"]
[SourceQuality "1"]

1. e4 c6 2. d4 d5 3. Nc3 dxe4 4. Nxe4 Bf5 5. Ng3 Bg6 6. h4 h6 7. Nf3 e6 8. h5 Bh7 9. Bd3 Bxd3 10. Qxd3 Bd6 11. Ne4 Nf6 12. Nxd6+ Qxd6 13. Ne5 Nbd7 14. Nxd7 Qxd7 15. Bd2 0-0-0 16. Bc3 Qd5 17. Qe2 Qxg2 18. 0-0-0 Qe4 19. Qxe4 Nxe4 20. Be1 Rd5 21. Rd3 Rf5 22. Rdh3 Nxf2 23. Bxf2 Rxf2 24. Rg3 Rg8 25. Rhg1 Kd8 26. Rxg7 Rf1+ 27. Rxf1 Rxg7 28. Rf6 Rh7 29. Kd2 Ke7 30. Rf3 Rg7 31. Ra3 f5 32. Rxa7 Kf6 33. Ra3 Rg2+ 34. Kd1 e5 35. dxe5+ Kxe5 36. Re3+ Kd5 37. Re7 Rh2 38. Rxb7 Rxh5 39. a4 Ke4 40. a5 f4 41. a6 Ra5 42. a7 Ke3 43. Rb3+ Kf2 44. Ra3 Re5 45. a8Q Re1+ 46. Kd2 Re2+ 1-0

[Event "Mondragon Arrasate Hiria op 12th"]
[Site "Mondragon"]
[Date "2012.10.19"]
[Round "6"]
[White "Segura del Frago, Imanol"]
[Black "Montolio Benedicto, Cesar"]
[Result "1-0"]
[WhiteElo "1998"]
[BlackElo "1955"]
[PlyCount "101"]
[EventDate "2012.09.14"]
[EventType "swiss"]
[EventRounds "6"]
[EventCountry "ESP"]
[SourceTitle "EXT 2013"]
[Source "ChessBase"]
[SourceDate "2012.11.22"]
[SourceVersion "1"]
[SourceVersionDate "2012.11.22"]
[SourceQuality "1"]

1. c4 Nf6 2. Nc3 g6 3. e4 d6 4. d4 Bg7 5. Be2 0-0 6. Nf3 e5 7. Be3 Ng4 8. Bg5 f6 9. Bc1 Nh6 10. dxe5 fxe5 11. Bg5 Qd7 12. c5 Nf7 13. Qb3 Nc6 14. cxd6 cxd6 15. 0-0 Kh8 16. Bh4 Nfd8 17. Bxd8 Qxd8 18. Rad1 Bg4 19. Qxb7 Rc8 20. Nb5 Bxf3 21. Bxf3 Nd4 22. Nxd4 exd4 23. Qxa7 Ra8 24. Qb7 Rb8 25. Qd5 Be5 26. Rd3 Rxb2 27. g3 Qc8 28. Bd1 Qa6 29. Rxd4 Qxf1+ 30. Kxf1 Rfxf2+ 31. Ke1 Rg2 32. Qa8+ Kg7 33. Qa7+ Kh6 34. Ra4 Rxh2 35. Qe3+ g5 36. Be2 Rb1+ 37. Kd2 Rb2+ 38. Kd3 Rhxe2 39. Qxe2 Rxe2 40. Kxe2 Bxg3 41. Rc4 Kg6 42. a4 Bh2 43. Rc1 Be5 44. Kd3 Bb2 45. Rb1 Ba3 46. a5 Bc5 47. Rc1 g4 48. Rxc5 dxc5 49. a6 c4+ 50. Kxc4 g3 51. a7 1-0

[Event "Berlin Lichtenberger op 11th"]
[Site "Berlin"]
[Date "2012.08.24"]
[Round "7"]
[White "Mueller, Johannes"]
[Black "Montolio Benedicto, Cesar"]
[Result "0-1"]
[WhiteElo "1896"]
[BlackElo "1956"]
[PlyCount "110"]
[EventDate "2012.08.18"]
[EventType "swiss"]
[EventRounds "9"]
[EventCountry "GER"]
[SourceTitle "CBM 150 Extra"]
[Source "ChessBase"]
[SourceDate "2012.10.19"]
[SourceVersion "1"]
[SourceVersionDate "2012.10.19"]
[SourceQuality "1"]

1. e4 e5 2. Nc3 Nf6 3. g3 Bc5 4. Bg2 0-0 5. d3 d6 6. h3 Nc6 7. Nge2 Nd4 8. Na4 Nxe2 9. Qxe2 Bb6 10. Nxb6 axb6 11. f4 Bd7 12. f5 Bc6 13. c4 Nd7 14. h4 f6 15. g4 Kf7 16. g5 Ke7 17. Be3 Qb8 18. a3 Qa7 19. b4 Ba4 20. Qb2 Nb8 21. Bf3 Be8 22. Rg1 Nd7 23. Kf2 Bf7 24. a4 Rg8 25. Bg4 Qb8 26. Qe2 Qe8 27. Rgc1 Nb8 28. c5 bxc5 29. bxc5 Nd7 30. cxd6+ cxd6 31. a5 Qb8 32. Qb2 Rc8 33. Rcb1 Rc7 34. a6 bxa6 35. Qxb8 Rxb8 36. Rxb8 Nxb8 37. Ra5 Rc2+ 38. Kg3 Rc3 39. Be2 Bc4 40. dxc4 Rxe3+ 41. Bf3 Rb3 42. Kf2 Rb6 43. gxf6+ gxf6 44. h5 Nc6 45. Ra1 a5 46. Rg1 a4 47. h6 a3 48. Rg7+ Kf8 49. Bh5 a2 50. Rxh7 a1Q 51. Rh8+ Ke7 52. Re8+ Kd7 53. h7 Qd4+ 54. Kg3 Qe3+ 55. Bf3 Qf4+ 0-1

[Event "Berlin Lichtenberger op 11th"]
[Site "Berlin"]
[Date "2012.08.18"]
[Round "1"]
[White "Krawatzki, Armin"]
[Black "Montolio Benedicto, Cesar"]
[Result "0-1"]
[WhiteElo "1752"]
[BlackElo "1956"]
[PlyCount "88"]
[EventDate "2012.08.18"]
[EventType "swiss"]
[EventRounds "9"]
[EventCountry "GER"]
[SourceTitle "CBM 150 Extra"]
[Source "ChessBase"]
[SourceDate "2012.10.19"]
[SourceVersion "1"]
[SourceVersionDate "2012.10.19"]
[SourceQuality "1"]

1. Nf3 Nf6 2. d4 g6 3. Nc3 d5 4. Bf4 c6 5. e3 Bg7 6. Be2 Nbd7 7. Qd2 Nh5 8. Bg3 Nxg3 9. hxg3 e5 10. dxe5 Nxe5 11. 0-0-0 Nxf3 12. Bxf3 Be6 13. Rh4 Qa5 14. Kb1 Bxc3 15. Qxc3 Qxc3 16. bxc3 Kf8 17. g4 Kg7 18. g5 h6 19. gxh6+ Rxh6 20. Rxh6 Kxh6 21. Rh1+ Kg5 22. Be2 Bg4 23. Bd3 Be6 24. Kb2 Kf6 25. Rh4 Kg7 26. a4 Rh8 27. Rxh8 Kxh8 28. a5 Kg7 29. Ka3 Kf6 30. Kb4 Ke7 31. Kc5 Kd7 32. c4 dxc4 33. Bxc4 b6+ 34. axb6 axb6+ 35. Kb4 c5+ 36. Kc3 Bxc4 37. Kxc4 Kc6 38. e4 b5+ 39. Kb3 g5 40. g3 g4 41. Kc3 Kd6 42. Kd3 Ke5 43. c3 b4 44. cxb4 cxb4 0-1